[Event "Niedersachsen-ch Seniors 42th"]
[Site "Sottrum"]
[Date "2008.04.17"]
[Round "8"]
[White "Vierling, Paul"]
[Black "Addicks, Addick"]
[Result "1-0"]
[WhiteElo "1240"]
[BlackElo "1007"]
[PlyCount "61"]
[EventDate "2008.04.10"]
[EventType "swiss"]
[EventRounds "9"]
[EventCountry "GER"]
[SourceTitle "EXT 2022"]
[Source "ChessBase"]
[SourceDate "2021.10.06"]
[SourceVersion "1"]
[SourceVersionDate "2021.10.06"]
[SourceQuality "1"]

1. e4 c5 2. Nf3 Nc6 3. Bb5 Qb6 4. Bxc6 Qxc6 5. Nc3 d6 6. h3 g6 7. d3 Bg7 8. Be3 e5 9. 0-0 Nf6 10. Nh2 h6 11. Ne2 0-0 12. Ng3 b6 13. f3 Rd8 14. a4 a6 15. Qc1 Ne8 16. Bxh6 Bh8 17. Ng4 f6 18. Be3 Ra7 19. f4 Bxg4 20. hxg4 Bg7 21. f5 Kf7 22. fxg6+ Kxg6 23. Nh5 Qd7 24. Rf5 Kf7 25. Qf1 Qe6 26. Qf3 Kg8 27. g5 Rf7 28. Nxg7 Rxg7 29. Qh5 Rh7 30. Qg6+ Ng7 31. gxf6 1-0